OPAC Home

විනයාර්ථ සංග්‍ර‍හව (Record no. 87387)

MARC details
000 -LEADER
fixed length control field 00503nam a2200181Ia 4500
003 - CONTROL NUMBER IDENTIFIER
control field LK-CoDNM
005 - DATE AND TIME OF LATEST TRANSACTION
control field 20240314150752.0
008 - FIXED-LENGTH DATA ELEMENTS--GENERAL INFORMATION
fixed length control field 010623t1910 xxu||||| |||| 00| 1 Pali d
040 ## - CATALOGING SOURCE
Original cataloging agency LK-CoDNM
Modifying agency LK-CoDNM
Description conventions LK-CoDNM
041 ## - LANGUAGE CODE
Language code of text/sound track or separate title
080 ## - UNIVERSAL DECIMAL CLASSIFICATION NUMBER
Universal Decimal Classification number 104 EE36
942 ## - ADDED ENTRY ELEMENTS (KOHA)
Koha item type Books
100 ## - MAIN ENTRY--PERSONAL NAME
Personal name Sasanalankara thero
245 ## - TITLE STATEMENT
Title විනයාර්ථ සංග්‍ර‍හව
246 ## - VARYING FORM OF TITLE
Title proper/short title Vinayaartha thero
260 ## - PUBLICATION, DISTRIBUTION, ETC. (IMPRINT)
Name of publisher, distributor, etc. A.W.Aelpisinno,M.Babasinno
Place of publication, distribution, etc. Welitara
Date of publication, distribution, etc. 1910
300 ## - PHYSICAL DESCRIPTION
Other physical details Damaged
Extent 18p.,22 cm
Holdings
Withdrawn status Lost status Damaged status Not for loan Collection code Permanent Location Current Location Date acquired Full call number Barcode Koha item type
        Monographs Library National Museum Colombo - Sri Lanka Library National Museum Colombo - Sri Lanka 2023-08-02 104 EE36 OB1633-023 Books
Copyright © 2023 Department of National Museum, Colombo 07, Sri Lanka Funded by UNESCO IFAP UNESCO